[Event "Stuttgart-chB int"]
[Site "Ditzingen"]
[Date "2012.05.20"]
[Round "7"]
[White "Malheur, Lothar"]
[Black "Kalwei, Reinhard"]
[Result "1-0"]
[WhiteElo "1376"]
[BlackElo "1491"]
[PlyCount "44"]
[EventDate "2012.05.17"]
[EventType "swiss"]
[EventRounds "7"]
[EventCountry "GER"]
[SourceTitle "EXT 2018"]
[Source "ChessBase"]
[SourceDate "2017.10.13"]
[SourceVersion "1"]
[SourceVersionDate "2017.10.13"]
[SourceQuality "1"]

1. d4 d5 2. c4 c6 3. Nc3 e6 4. Nf3 Bb4 5. cxd5 cxd5 6. a3 Ba5 7. b4 Bc7 8. e4 Ne7 9. exd5 Nxd5 10. Nxd5 Qxd5 11. Bd3 Nd7 12. Qc2 Nf6 13. Qxc7 0-0 14. 0-0 Bd7 15. Qg3 Qh5 16. Bg5 Nd5 17. Be4 Nc3 18. Rfe1 Nxe4 19. Rxe4 Bc6 20. Rh4 Qg6 21. Ne5 Qc2 22. Bf6 g6 1-0

[Event "Stuttgart-chB int"]
[Site "Gerlingen"]
[Date "2011.06.03"]
[Round "4"]
[White "Kalwei, Reinhard"]
[Black "Koerber, Christian"]
[Result "1/2-1/2"]
[WhiteElo "1531"]
[BlackElo "1728"]
[PlyCount "33"]
[EventDate "2011.06.02"]
[EventType "swiss"]
[EventRounds "7"]
[EventCountry "GER"]
[SourceTitle "EXT 2018"]
[Source "ChessBase"]
[SourceDate "2017.10.13"]
[SourceVersion "1"]
[SourceVersionDate "2017.10.13"]
[SourceQuality "1"]

1. e4 d5 2. exd5 Qxd5 3. Nc3 Qa5 4. Bc4 Nf6 5. Nf3 Bg4 6. h3 Bh5 7. 0-0 e6 8. d4 Be7 9. Bd2 c6 10. Ne2 Qc7 11. Ng3 Bg6 12. Nh4 Nd5 13. Nxg6 hxg6 14. a3 Nd7 15. Ba2 N7f6 16. c4 Nb6 17. Ba5 1/2-1/2

[Event "Stuttgart-chB int"]
[Site "Gerlingen"]
[Date "2011.06.03"]
[Round "3"]
[White "Schreiber, Winfried"]
[Black "Kalwei, Reinhard"]
[Result "1-0"]
[WhiteElo "1646"]
[BlackElo "1531"]
[PlyCount "59"]
[EventDate "2011.06.02"]
[EventType "swiss"]
[EventRounds "7"]
[EventCountry "GER"]
[SourceTitle "EXT 2018"]
[Source "ChessBase"]
[SourceDate "2017.10.13"]
[SourceVersion "1"]
[SourceVersionDate "2017.10.13"]
[SourceQuality "1"]

1. c4 c5 2. Nc3 Nc6 3. Nf3 Nf6 4. g3 d6 5. Bg2 e6 6. 0-0 Be7 7. d4 cxd4 8. Nxd4 Bd7 9. Bg5 0-0 10. Ndb5 Ne8 11. Bxe7 Qxe7 12. Ne4 Rd8 13. Nbxd6 Nxd6 14. Qxd6 Qxd6 15. Nxd6 b6 16. Rfd1 Be8 17. Nxe8 Rxd1+ 18. Rxd1 Ne5 19. Nd6 Rd8 20. b3 f6 21. Bh3 f5 22. Bxf5 exf5 23. Rd5 Nf7 24. Nxf7 Rxd5 25. cxd5 Kxf7 26. f3 g5 27. e4 g4 28. e5 h5 29. f4 a5 30. Kf2 1-0

[Event "Stuttgart-chB int"]
[Site "Ditzingen"]
[Date "2010.05.15"]
[Round "5"]
[White "Kalwei, Reinhard"]
[Black "Mejerski, Stephan"]
[Result "0-1"]
[WhiteElo "1319"]
[BlackElo "1635"]
[PlyCount "74"]
[EventDate "2010.05.13"]
[EventType "swiss"]
[EventRounds "7"]
[EventCountry "GER"]
[SourceTitle "EXT 2018"]
[Source "ChessBase"]
[SourceDate "2017.10.13"]
[SourceVersion "1"]
[SourceVersionDate "2017.10.13"]
[SourceQuality "1"]

1. d4 f5 2. c4 Nf6 3. Nc3 e6 4. Qc2 c6 5. Nf3 d5 6. e3 Be7 7. Be2 Nbd7 8. 0-0 0-0 9. c5 Qc7 10. Ng5 Ne4 11. Nxe6 Qb8 12. Nxf8 Nxf8 13. Nxe4 fxe4 14. f4 Ng6 15. Bd2 Bd7 16. Be1 Qc8 17. Bg3 Bf5 18. b4 Bf6 19. Qb3 Ne7 20. a4 g6 21. b5 h5 22. h4 Bg4 23. Qd1 Bxe2 24. Qxe2 Nf5 25. Qe1 b6 26. Rc1 bxc5 27. Rxc5 Nxd4 28. Qd1 Nf5 29. Rxc6 Qd8 30. Bf2 Kh7 31. g3 d4 32. Kg2 dxe3 33. Qxd8 Bxd8 34. Bg1 Ba5 35. Rd1 e2 36. Rd7+ Kh6 37. Bf2 e3 0-1

[Event "Stuttgart-chB int"]
[Site "Ditzingen"]
[Date "2010.05.13"]
[Round "1"]
[White "Holzner, Tony"]
[Black "Kalwei, Reinhard"]
[Result "1-0"]
[WhiteElo "1685"]
[BlackElo "1319"]
[PlyCount "85"]
[EventDate "2010.05.13"]
[EventType "swiss"]
[EventRounds "7"]
[EventCountry "GER"]
[SourceTitle "EXT 2018"]
[Source "ChessBase"]
[SourceDate "2017.10.13"]
[SourceVersion "1"]
[SourceVersionDate "2017.10.13"]
[SourceQuality "1"]

1. e4 e5 2. Nf3 Nc6 3. d4 exd4 4. Nxd4 Nf6 5. Nc3 a6 6. Be2 Bc5 7. Nxc6 bxc6 8. 0-0 0-0 9. Bg5 Re8 10. Kh1 d6 11. f4 h6 12. Bh4 Qe7 13. Bf3 Bb7 14. a3 Bb6 15. h3 c5 16. e5 Bxf3 17. Qxf3 dxe5 18. fxe5 Qxe5 19. Bxf6 Qxf6 20. Qxf6 gxf6 21. Rxf6 Kg7 22. Raf1 Rf8 23. Nd5 Rae8 24. R1f3 Re6 25. Rg3+ Kh7 26. Rf5 f6 27. c4 Ba7 28. Ne3 Rc8 29. Ng4 Rf8 30. Rd3 Kg6 31. Rf1 c6 32. Rd7 Rf7 33. Rd8 Kg7 34. Rfd1 Rfe7 35. Kg1 Bb6 36. R8d7 Rxd7 37. Rxd7+ Kg6 38. Kf2 f5 39. Nh2 Ba5 40. Nf3 Kf6 41. Ra7 Re4 42. Rxa6 Bd8 43. Rxc6+ 1-0

[Event "Stuttgart-chB int"]
[Site "Ditzingen"]
[Date "2010.05.13"]
[Round "2"]
[White "Kalwei, Reinhard"]
[Black "Helmbrecht, Kurt"]
[Result "0-1"]
[WhiteElo "1319"]
[BlackElo "1627"]
[PlyCount "104"]
[EventDate "2010.05.13"]
[EventType "swiss"]
[EventRounds "7"]
[EventCountry "GER"]
[SourceTitle "EXT 2018"]
[Source "ChessBase"]
[SourceDate "2017.10.13"]
[SourceVersion "1"]
[SourceVersionDate "2017.10.13"]
[SourceQuality "1"]

1. e4 e6 2. d4 d5 3. exd5 exd5 4. Nf3 Nf6 5. c4 c6 6. Nc3 Be7 7. Be2 0-0 8. b3 Bf5 9. 0-0 Nbd7 10. Bd3 Bg4 11. Be2 Rc8 12. h3 Bh5 13. Nh2 Bg6 14. Ng4 Bb4 15. Bb2 Qa5 16. Qc1 Rfe8 17. Bf3 dxc4 18. bxc4 Bd3 19. Rd1 Bxc4 20. a3 Bf8 21. Na2 Bd5 22. Bxd5 Qxd5 23. Nb4 Qh5 24. Nxf6+ Nxf6 25. Re1 Rxe1+ 26. Qxe1 Re8 27. Qd1 Qxd1+ 28. Rxd1 Nd5 29. Nxd5 cxd5 30. f3 Rc8 31. Rd2 f6 32. Kf2 Rc4 33. Ke3 a5 34. Kd3 Ra4 35. Rc2 Bxa3 36. Rc8+ Bf8 37. Rd8 Rb4 38. Bc3 Rb5 39. Kc2 Kf7 40. Ra8 b6 41. Bd2 Bb4 42. Ra7+ Kg6 43. g4 Bxd2 44. Kxd2 Rb3 45. Ke2 Rb4 46. Ke3 a4 47. h4 b5 48. Rd7 a3 49. Rxd5 a2 50. h5+ Kh6 51. g5+ fxg5 52. Rd6+ Kxh5 0-1

[Event "Stuttgart-chB int"]
[Site "Gerlingen"]
[Date "2007.05.18"]
[Round "3"]
[White "Schnorr, Andreas"]
[Black "Kalwei, Reinhard"]
[Result "1-0"]
[WhiteElo "1358"]
[BlackElo "1127"]
[PlyCount "119"]
[EventDate "2007.05.17"]
[EventType "swiss"]
[EventRounds "7"]
[EventCountry "GER"]
[SourceTitle "EXT 2018"]
[Source "ChessBase"]
[SourceDate "2017.10.13"]
[SourceVersion "1"]
[SourceVersionDate "2017.10.13"]
[SourceQuality "1"]

1. e4 e5 2. Nf3 Nc6 3. d4 exd4 4. Nxd4 d6 5. Nc3 a6 6. Nxc6 bxc6 7. Bf4 Be7 8. Bd3 Nf6 9. 0-0 0-0 10. h3 Re8 11. e5 dxe5 12. Bxe5 Bd6 13. Bg3 Bd7 14. Bc4 Be6 15. Bb3 Bxb3 16. axb3 Bxg3 17. fxg3 Qxd1 18. Raxd1 Kf8 19. Rf2 Re7 20. Rfd2 Rae8 21. Kf2 Re6 22. Ra1 Ra8 23. Kf3 Rd6 24. Rad1 Rxd2 25. Rxd2 Ke7 26. Na4 g5 27. Nc5 a5 28. Rd1 Nd5 29. Re1+ Kd6 30. Ne4+ Kd7 31. Nxg5 h6 32. Ne4 Nb4 33. c3 Nd5 34. Rd1 Kc8 35. Nc5 Nf6 36. Re1 Rb8 37. Re7 Rb5 38. b4 axb4 39. cxb4 Rxb4 40. Rxf7 Ne8 41. b3 Rb5 42. Re7 Rxc5 43. Rxe8+ Kd7 44. Re3 Rd5 45. g4 c5 46. Ke4 Rd4+ 47. Kf3 Kd6 48. Ke2 Kc6 49. Re6+ Rd6 50. Rxd6+ cxd6 51. h4 d5 52. Kd3 Kd6 53. Ke3 Ke6 54. g3 d4+ 55. Kd3 Kd5 56. g5 hxg5 57. h5 Ke5 58. g4 Ke6 59. b4 cxb4 60. Kxd4 1-0

[Event "Stuttgart-chB int"]
[Site "Gerlingen"]
[Date "2007.05.17"]
[Round "2"]
[White "Kalwei, Reinhard"]
[Black "Pfeilsticker, Thorsten"]
[Result "0-1"]
[WhiteElo "1127"]
[BlackElo "1456"]
[PlyCount "76"]
[EventDate "2007.05.17"]
[EventType "swiss"]
[EventRounds "7"]
[EventCountry "GER"]
[SourceTitle "EXT 2018"]
[Source "ChessBase"]
[SourceDate "2017.10.13"]
[SourceVersion "1"]
[SourceVersionDate "2017.10.13"]
[SourceQuality "1"]

1. e4 d6 2. d4 Nf6 3. Nc3 g6 4. b3 Bg7 5. Bb2 0-0 6. Nf3 Bg4 7. Be2 c5 8. dxc5 Qa5 9. 0-0 Qxc5 10. Qd3 a6 11. Qc4 Qxc4 12. Bxc4 Nxe4 13. Bd5 Nc5 14. b4 e6 15. bxc5 exd5 16. cxd6 Bxf3 17. gxf3 Nc6 18. Rab1 d4 19. Ne4 f5 20. Nc5 Rf7 21. Ne6 Rd7 22. Ba3 Be5 23. Nc5 Rxd6 24. Rxb7 Na5 25. Re7 Bf6 26. Re6 Rxe6 27. Nxe6 Kf7 28. Nf4 Rc8 29. Rc1 Nc4 30. Bb4 Bg5 31. Nd3 Bxc1 32. Nxc1 Ne5 33. f4 Rxc2 34. fxe5 Rxc1+ 35. Kg2 Rc2 36. a3 Ke6 37. Bd6 Rc3 38. Bb4 Kxe5 0-1

[Event "Stuttgart-chB int"]
[Site "Ditzingen"]
[Date "2006.05.26"]
[Round "4"]
[White "Boyarchenko, Vlada"]
[Black "Kalwei, Reinhard"]
[Result "1-0"]
[WhiteElo "1420"]
[BlackElo "1169"]
[PlyCount "57"]
[EventDate "2006.05.25"]
[EventType "swiss"]
[EventRounds "7"]
[EventCountry "GER"]
[SourceTitle "EXT 2018"]
[Source "ChessBase"]
[SourceDate "2017.10.13"]
[SourceVersion "1"]
[SourceVersionDate "2017.10.13"]
[SourceQuality "1"]

1. e4 c5 2. Nf3 Nc6 3. d4 cxd4 4. Nxd4 a6 5. Nc3 Nf6 6. Bg5 e6 7. Nxc6 bxc6 8. e5 Be7 9. exf6 Bxf6 10. Bxf6 Qxf6 11. Bd3 0-0 12. 0-0 d5 13. Qe2 c5 14. Qd2 Bb7 15. b3 Rfd8 16. f4 c4 17. Be2 d4 18. Na4 c3 19. Qd3 Bc6 20. Nc5 Bb5 21. Qf3 Qf5 22. Bxb5 axb5 23. Nd3 Ra3 24. Rfe1 Rda8 25. Qc6 Kf8 26. Re5 Qg4 27. h3 Qh4 28. Rxb5 Rxa2 29. Rxa2 1-0

[Event "Stuttgart-chB int"]
[Site "Ditzingen"]
[Date "2005.05.06"]
[Round "4"]
[White "Duran, Suat"]
[Black "Kalwei, Reinhard"]
[Result "0-1"]
[WhiteElo "1376"]
[BlackElo "1155"]
[PlyCount "76"]
[EventDate "2005.05.05"]
[EventType "swiss"]
[EventRounds "7"]
[EventCountry "GER"]
[SourceTitle "EXT 2018"]
[Source "ChessBase"]
[SourceDate "2017.10.13"]
[SourceVersion "1"]
[SourceVersionDate "2017.10.13"]
[SourceQuality "1"]

1. e4 e5 2. Nf3 Nc6 3. Bc4 Nf6 4. Ng5 d5 5. exd5 Nxd5 6. d3 Be7 7. Qf3 Bxg5 8. Bxd5 0-0 9. Bxg5 Qxg5 10. 0-0 Nd4 11. Qd1 c6 12. Be4 Be6 13. c3 Nb5 14. Nd2 Rad8 15. Qe2 f5 16. Bf3 e4 17. g3 Rxd3 18. Rfd1 Rfd8 19. Nxe4 fxe4 20. Rxd3 Rxd3 21. Bxe4 Rd2 22. Qe1 Rxb2 23. Bxc6 Nc7 24. Bg2 Qf6 25. Rb1 Rxb1 26. Qxb1 b6 27. Qc2 b5 28. Be4 g6 29. Qd2 Bc4 30. Qd7 Qf7 31. Qd8+ Ne8 32. Bc6 Kf8 33. a4 Qe6 34. axb5 Qe1+ 35. Kg2 Bf1+ 36. Kf3 Qe2+ 37. Kf4 Qxf2+ 38. Kg5 Qf5+ 0-1

[Event "Stuttgart-chB int"]
[Site "Ditzingen"]
[Date "2005.05.05"]
[Round "1"]
[White "Kalwei, Reinhard"]
[Black "Herbst, Rudolf"]
[Result "0-1"]
[WhiteElo "1155"]
[BlackElo "1598"]
[PlyCount "64"]
[EventDate "2005.05.05"]
[EventType "swiss"]
[EventRounds "7"]
[EventCountry "GER"]
[SourceTitle "EXT 2018"]
[Source "ChessBase"]
[SourceDate "2017.10.13"]
[SourceVersion "1"]
[SourceVersionDate "2017.10.13"]
[SourceQuality "1"]

1. e4 c6 2. c4 d5 3. cxd5 cxd5 4. e5 e6 5. d4 Nc6 6. Nf3 Nge7 7. Bb5 Bd7 8. 0-0 Nxe5 9. Bxd7+ Nxd7 10. Re1 Nf5 11. Bd2 Be7 12. Bc3 0-0 13. Nbd2 Bf6 14. Nf1 Nd6 15. Bb4 Be7 16. Bxd6 Bxd6 17. a3 Rc8 18. Rc1 Qb6 19. Re2 Bf4 20. Rxc8 Rxc8 21. Ne3 Bxe3 22. fxe3 Rc4 23. Rc2 Qc6 24. Rxc4 Qxc4 25. Qd2 h6 26. h3 b6 27. Kf2 Nf6 28. Qe2 Ne4+ 29. Ke1 Qc1+ 30. Qd1 Qxe3+ 31. Qe2 Qc1+ 32. Qd1 Qxb2 0-1